[Event "Snorlax # 10"]
[Site "SchemingMind.com"]
[Date "2008.11.15"]
[Round "-"]
[White "drunkenmaster"]
[Black "aadaam"]
[Result "0-1"]
[WhiteCountry "PHI"]
[BlackCountry "INT"]
[WhiteElo "1848"]
[WhiteRD "88"]
[BlackElo "1780"]
[BlackRD "44"]
[GameID "179018"]

1. e4 e6 2. d4 d5 3. Nc3 Bb4 4. e5 c5 5. a3 Bxc3+ 6. bxc3 Qc7 7. Nf3 Ne7 8. a4 Bd7 9. Bd3 c4 10. Bf1 Qa5
11. Bd2 Bxa4 12. Qb1 Qb5 13. Qa2 Bxc2 14. Qxc2 Nd7 15. Be2 O-O 16. O-O a5 17. Ng5 g6 18. Bc1 Qc6 19. Ba3 Rfe8 20. h4 b5
21. h5 h6 22. Nh3 Qb6 23. Bxe7 Rxe7 24. hxg6 b4 25. gxf7+ Rxf7 26. f4 b3 27. Qg6+ Rg7 28. Qxh6 b2 29. Rab1 a4 30. Ng5 a3
31. Qxe6+ Qxe6 32. Nxe6 Re7 33. Nc7 Ra5 34. Bf3 Nb6
0-1

[Event "Snorlax # 10"]
[Site "SchemingMind.com"]
[Date "2008.11.14"]
[Round "-"]
[White "Joe Daudish"]
[Black "aadaam"]
[Result "1-0"]
[WhiteCountry "USA"]
[BlackCountry "INT"]
[WhiteElo "1728"]
[WhiteRD "43"]
[BlackElo "1780"]
[BlackRD "44"]
[GameID "179019"]

1. d4 d5 2. Nf3 e6 3. Bf4 c5 4. e3 Nc6 5. Be2 Nf6 6. h3 Be7 7. O-O O-O 8. Nbd2 cxd4 9. exd4 a6 10. c3 b5
11. a3 Bb7 12. Bd3 Nh5 13. Bh2 g6 14. Re1 Bf6 15. Ne5 Rc8 16. Nxc6 Bxc6 17. Nf3 Qb6 18. Ne5 Rfd8 19. Nxc6 Rxc6 20. Be5 Bxe5
21. Rxe5 a5 22. Qg4 b4 23. Rxh5
1-0

[Event "Snorlax # 10"]
[Site "SchemingMind.com"]
[Date "2008.11.14"]
[Round "-"]
[White "Carl Lenox"]
[Black "aadaam"]
[Result "0-1"]
[WhiteCountry "CAN"]
[BlackCountry "INT"]
[WhiteElo "1193"]
[WhiteRD "65"]
[BlackElo "1778"]
[BlackRD "44"]
[GameID "179020"]

1. e4 e6 2. d4 d5 3. Nc3 Bb4 4. e5 c5 5. a3 Bxc3+ 6. bxc3 Qc7 7. Nf3 b6 8. a4 Ba6 9. Be2 Bxe2 10. Qxe2 Ne7
11. O-O Nd7 12. Ng5 h6 13. Nf3 O-O-O 14. c4 cxd4 15. Nxd4 Qxe5 16. Qg4 f5 17. Qd1 Nc5 18. Bd2 Qxd4 19. c3 Qxc4 20. a5 Nc6
21. Re1 Nxa5 22. Rc1 Nab3 23. Rc2 Nxd2 24. Qxd2 g5 25. Ra2 Kb7 26. Qb2 a6 27. Rb1 b5 28. Qd2 Ne4 29. Qc1 Nxc3
0-1

[Event "Snorlax # 10"]
[Site "SchemingMind.com"]
[Date "2008.11.14"]
[Round "-"]
[White "doobwah"]
[Black "aadaam"]
[Result "0-1"]
[WhiteCountry "USA"]
[BlackCountry "INT"]
[WhiteElo "1599"]
[WhiteRD "81"]
[BlackElo "1778"]
[BlackRD "44"]
[GameID "179021"]

1. e4 e6 2. c4 d5 3. e5 c5 4. cxd5 exd5 5. d4 Nc6 6. Bb5 cxd4 7. Qxd4 a6 8. Bxc6+ bxc6 9. Ne2 Ne7 10. Bf4 Ng6
11. Bg3 Be7 12. O-O O-O 13. Nbc3 Rb8 14. Qd2 Be6 15. Nd4 Qc7 16. f4 Bh4 17. Bxh4 Nxh4 18. Kh1 c5 19. Nf3 Nxf3 20. Rxf3 Rfd8
21. h3 d4 22. Ne2 Qb7 23. b3 Bd5 24. Rg3 Be4 25. Rf1 Qb4 26. Qd1 c4 27. f5 d3 28. Ng1 c3 29. f6 g6 30. Qh5 d2
31. a3 Qc5 32. Qh6 Qf8 33. Qh5 c2 34. e6 fxe6 35. f7+ Kh8 36. Qe5+ Qg7 37. Qxe4 c1=Q 38. Rd3 Qxf1
0-1

[Event "Snorlax # 10"]
[Site "SchemingMind.com"]
[Date "2008.11.19"]
[Round "-"]
[White "admiradordebrahms"]
[Black "aadaam"]
[Result "1/2-1/2"]
[WhiteCountry "COL"]
[BlackCountry "INT"]
[WhiteElo "1770"]
[WhiteRD "71"]
[BlackElo "1778"]
[BlackRD "44"]
[GameID "179022"]

1. e4 e6 2. d4 d5 3. Nc3 Bb4 4. e5 c5 5. a3 Bxc3+ 6. bxc3 Qc7 7. Nf3 Ne7 8. a4 b6 9. Bb5+ Bd7 10. Ng5 h6
11. Nf3 Nbc6 12. O-O O-O 13. Nh4 a6 14. Bd3 c4 15. Be2 g5 16. Nf3 f6 17. Ba3 Rf7 18. Bd6 Qd8 19. exf6 Rxf6 20. Be5 Rf5
21. Bg3 Ng6 22. Ne5 Ncxe5 23. dxe5 Nxe5 24. Re1 Nc6 25. Bg4 Rf6 26. Re3 Ne7 27. Rf3 Qf8 28. Rxf6 Qxf6 29. Qe1 Nf5 30. Be5 Qg6
31. Qe2 Qe8 32. a5 bxa5 33. Rxa5 Qd8 34. Ra1 Qb6 35. Bxf5 exf5 36. Qh5 Be8 37. Qd1 Qe6 38. Qd4 Bc6 39. f4 a5 40. Bh8 Qf7
41. fxg5 hxg5 42. Re1 a4 43. Qc5 Qa7 44. Qxa7 Rxa7 45. Bd4 Ra8=
1/2-1/2